| 000 | 01075nam0a2200313 4500 | ||
|---|---|---|---|
| 001 | RU\NLR\bibl\1327773 | ||
| 005 | 20260423102938.0 | ||
| 010 |
_a978-5-699-29355-1 _94100 |
||
| 021 |
_aRU _bКН-П-08-102879 _9КН-П-08-0048д |
||
| 035 | _a(NLR Aleph) 001313039 | ||
| 090 |
_a691644 _c691644 |
||
| 100 | _a20090211d2009 u y0rusy50 ca | ||
| 101 | 0 | _arus | |
| 102 | _aRU | ||
| 105 | _aa ||||||||| | ||
| 200 | 1 |
_aИстория кабаков в России _fИ.Г. Прыжов |
|
| 210 |
_aМосква _cЭксмо _d2009 |
||
| 215 |
_a350, [1] с., [8] л. цв. ил., факс. _cил., портр. _d25 |
||
| 225 | 1 | _aПовседневная история русской жизни | |
| 606 | 1 |
_aКабаки _xИстория _yРоссия _2nlr_sh2 _3RU\NLR\auth\661504942 |
|
| 686 | _aУ42(28)414 | ||
| 700 | 1 |
_aПрыжов _bИ. Г. _f1827-1885 _gИван Гаврилович _4070 |
|
| 801 | 0 |
_aRU _bNLR _c20090211 _gRCR |
|
| 801 | 1 |
_aRU _bNLR _c20090211 |
|
| 830 | _aавт. по ЭК | ||
| 942 | _cBOOK | ||
| 980 | _aNB | ||